ระบบห้องสมุดอัตโนมัติ ULibM
วิทยาลัยพยาบาลบรมราชชนนี พระพุทธบาท
เปลี่ยนเป็นภาษาไทย

Change to English
 แสดงรายละเอียดบรรณานุกรม
  กลับหน้าหลัก

Brief Record : Get Marc (ISO 2709) : E-mail record : QR code ปิดหน้าต่าง
E-books : เกี่ยวกับ Collections
LEADER 00000nam 2200000uu 4500
001    13399128587
003     ULIBM
008    020711s2555 th a 000 0 tha d
020    9786169042952
060    WA590 น574ก
100    นิตย์ ทัศนิยม
245    การสร้างเสริมสุขภาพ การสร้างพลังอำนาจ
250    พิมพ์ครั้งที่ 1
260    ขอนแก่น :^bคลังนานาวิทยา,^c2555
300    184 หน้า ;^c23 ซม.
700 0  สมพนธ์ ทัศนิยม
856    ^z023968-1.jpg (สารบัญวารสาร)^uhttp://61.7.221.150/ULIB62015//_fulltext/serialcontent/13399128587/023968-1.jpg
856    ^z023968-2.jpg (สารบัญวารสาร)^uhttp://61.7.221.150/ULIB62015//_fulltext/serialcontent/13399128587/023968-2.jpg
856    ^z023968-3.jpg (สารบัญวารสาร)^uhttp://61.7.221.150/ULIB62015//_fulltext/serialcontent/13399128587/023968-3.jpg
856    ^z023968-4.jpg (สารบัญวารสาร)^uhttp://61.7.221.150/ULIB62015//_fulltext/serialcontent/13399128587/023968-4.jpg
999    ^aนางสาวณิชาพร เกตุศีระ
รายการนี้ยังไม่มีแท็ก
คุณยังไม่ได้ล็อกอิน คุณสามารถมีกิจกรรมร่วมกับเว็บไซต์ได้ แต่ต้องล็อกอินก่อน ::
  ล็อกอิน
ลำดับที่ ประเภท เลขเรียก สถานที่ สถานะ
1.
WA590 น574ก 2555 c.1 
  
วิทยาลัยพยาบาลบรมราชชนนี พระพุทธบาท
►หนังสือทั่วไป
On Shelf
2.
WA590 น574ก 2555 c.2 
  
วิทยาลัยพยาบาลบรมราชชนนี พระพุทธบาท
►หนังสือทั่วไป
On Shelf
3.
WA590 น574ก 2555 c.3 
  
วิทยาลัยพยาบาลบรมราชชนนี พระพุทธบาท
►หนังสือทั่วไป
On Shelf
4.
WA590 น574ก 2555 c.4 
  
วิทยาลัยพยาบาลบรมราชชนนี พระพุทธบาท
►หนังสือทั่วไป
On Shelf
5.
WA590 น574ก 2555 c.5 
  
วิทยาลัยพยาบาลบรมราชชนนี พระพุทธบาท
►หนังสือทั่วไป
On Shelf
6.
WA590 น574ก 2555 c.6 
  
วิทยาลัยพยาบาลบรมราชชนนี พระพุทธบาท
►หนังสือทั่วไป
On Shelf
7.
WA590 น574ก 2555 c.7 
  
วิทยาลัยพยาบาลบรมราชชนนี พระพุทธบาท
►หนังสือทั่วไป
On Shelf
8.
WA590 น574ก 2555 c.8 
  
วิทยาลัยพยาบาลบรมราชชนนี พระพุทธบาท
►หนังสือทั่วไป
On Shelf
9.
WA590 น574ก 2555 c.9 
  
วิทยาลัยพยาบาลบรมราชชนนี พระพุทธบาท
►หนังสือทั่วไป
On Shelf
10.
WA590 น574ก 2555 c.10 
  
วิทยาลัยพยาบาลบรมราชชนนี พระพุทธบาท
►หนังสือทั่วไป
On Shelf
   [แสดง 10/10 รายการ]

Bib 13399128587